Luật đấu thầu
Trình bày nội dung luật đấu thầu gồm 96 điều với các phần qui định chung; hình thức, phương thức lựa chọn nhà thầu, nhà đầu tư và tổ chức đấu thầu chuyên nghiệp; kế hoạch và quy trình lựa chọn nhà thầu; phương pháp đánh giá hồ sơ du...
Bewaard in:
| Coauteurs: | , |
|---|---|
| Formaat: | Boek |
| Taal: | Undetermined |
| Gepubliceerd in: |
Hà Nội
Chính trị Quốc gia
2007
|
| Onderwerpen: | |
| Tags: |
Voeg label toe
Geen labels, Wees de eerste die dit record labelt!
|
| Thư viện lưu trữ: | Trung tâm Học liệu Trường Đại học Cần Thơ |
|---|
| LEADER | 01210nam a2200241Ia 4500 | ||
|---|---|---|---|
| 001 | CTU_228053 | ||
| 008 | 210402s9999 xx 000 0 und d | ||
| 020 | |c 6500 | ||
| 082 | |a 346.597024 | ||
| 082 | |b V308 | ||
| 110 | |a Việt Nam (Cộng Hòa Xã Hội Chủ Nghĩa). | ||
| 110 | |b Quốc Hội | ||
| 245 | 0 | |a Luật đấu thầu | |
| 245 | 0 | |c Việt Nam (Cộng Hòa Xã Hội Chủ Nghĩa). Quốc Hội | |
| 260 | |a Hà Nội | ||
| 260 | |b Chính trị Quốc gia | ||
| 260 | |c 2007 | ||
| 520 | |a Trình bày nội dung luật đấu thầu gồm 96 điều với các phần qui định chung; hình thức, phương thức lựa chọn nhà thầu, nhà đầu tư và tổ chức đấu thầu chuyên nghiệp; kế hoạch và quy trình lựa chọn nhà thầu; phương pháp đánh giá hồ sơ dự thầu, hồ sơ đề xuất; xét duyệt trúng thầu... | ||
| 650 | |a Hợp đồng,Contracts | ||
| 650 | |z Việt Nam,Vietnam | ||
| 910 | |a Phan Truờng Nhất,Hải | ||
| 910 | |b dqhieu | ||
| 980 | |a Trung tâm Học liệu Trường Đại học Cần Thơ | ||